[Event "G7-Gruppe 2 2013"]
[Site "Elsinore"]
[Date "2013.03.26"]
[Round "1"]
[White "Jensen, Tommy"]
[Black "Jorgensen, Alexander Torp"]
[Result "1-0"]
[WhiteElo "1904"]
[BlackElo "1673"]
[PlyCount "35"]
[EventDate "2013.??.??"]
[EventType "swiss"]
[EventRounds "7"]
[EventCountry "DEN"]

1. d4 e6 2. e4 d5 3. e5 c5 4. c3 Nc6 5. Nf3 Bd7 6. Bd3 Qb6 7. dxc5 Bxc5 8. O-O
Nge7 9. b4 Nxb4 10. cxb4 Bd4 11. Be3 Bxe3 12. fxe3 Qxe3+ 13. Kh1 Qf4 14. Qd2
Qg4 15. a3 f6 16. Nc3 Kf7 17. exf6 gxf6 18. Ne5+ 1-0

[Event "G7-Gruppe 2 2013"]
[Site "Elsinore"]
[Date "2013.03.26"]
[Round "1"]
[White "Markussen, Benno"]
[Black "Borg, Flemming"]
[Result "1/2-1/2"]
[WhiteElo "1779"]
[BlackElo "1784"]
[PlyCount "120"]
[EventDate "2013.??.??"]
[EventType "swiss"]
[EventRounds "7"]
[EventCountry "DEN"]

1. c4 d6 2. Nc3 e5 3. g3 Nf6 4. Bg2 c6 5. e4 Be7 6. Nge2 Be6 7. d3 Qd7 8. O-O
Bh3 9. Bg5 h5 10. f4 Bxg2 11. Kxg2 Ng4 12. Qd2 f6 13. h3 fxg5 14. fxg5 Na6 15.
Ng1 O-O-O 16. hxg4 Qxg4 17. Nh3 Nc5 18. Rf7 h4 19. Qe3 hxg3 20. Qxg3 Qe6 21.
Raf1 Rh5 22. Ne2 Rg8 23. Rxe7 Qxe7 24. Qg4+ Kc7 25. Qxh5 g6 26. Qf3 Rg7 27. b4
Ne6 28. Qg4 Rf7 29. Rxf7 Qxf7 30. a4 Qe7 31. Nc3 Kb6 32. a5+ Kc7 33. Ne2 b6 34.
axb6+ Kxb6 35. Qg3 a5 36. Qe3+ Ka6 37. bxa5 Kxa5 38. Qd2+ Kb6 39. Qb2+ Kc7 40.
Qd2 Qh7 41. Qa5+ Kb7 42. Qb4+ Kc7 43. Qd2 Qh4 44. Qe3 Qg4+ 45. Ng3 Nf4+ 46.
Nxf4 exf4 47. Qf3 Qxg5 48. Kh3 Qxg3+ 49. Qxg3 fxg3 50. Kxg3 c5 51. Kf4 Kd7 52.
e5 Ke6 53. exd6 Kxd6 54. Ke4 g5 55. d4 cxd4 56. Kxd4 g4 57. Ke4 g3 58. Kf3 g2
59. Kxg2 Kc5 60. Kf3 Kxc4 1/2-1/2

[Event "G7-Gruppe 2 2013"]
[Site "Elsinore"]
[Date "2013.03.26"]
[Round "1"]
[White "Hansen, Verner"]
[Black "Petersen, Bjarne"]
[Result "1-0"]
[WhiteElo "1887"]
[BlackElo "1797"]
[PlyCount "125"]
[EventDate "2013.??.??"]
[EventType "swiss"]
[EventRounds "7"]
[EventCountry "DEN"]

1. e4 g6 2. Nc3 Bg7 3. d3 c5 4. g3 Nc6 5. Nf3 d6 6. Bg2 Nf6 7. O-O O-O 8. d4
cxd4 9. Nxd4 Nxe4 10. Nxc6 Nxc3 11. Nxd8 Nxd1 12. Nxb7 Bxb7 13. Rxd1 Rab8 14.
Bf1 Bf3 15. Re1 Bxb2 16. Bxb2 Rxb2 17. Re3 Bd5 18. c4 Be6 19. Ra3 Rfb8 20. Rxa7
Rd2 21. Rxe7 Rbb2 22. a4 Rxf2 23. a5 Ra2 24. Rxa2 Rxa2 25. Ra7 Ra1 26. Kf2 Kg7
27. Ra8 Kf6 28. a6 Ke5 29. c5 dxc5 30. Bb5 Ra2+ 31. Ke3 Ra3+ 32. Kd2 Ra2+ 33.
Kc3 Ra3+ 34. Kc2 c4 35. a7 Kd4 36. Rd8+ Bd5 37. Bc6 Ra2+ 38. Kb1 Rxa7 39. Rxd5+
Kc3 40. h4 Ra3 41. Rb5 Rb3+ 42. Rxb3+ cxb3 43. Bd5 f6 44. g4 h6 45. Be4 f5 46.
Bxf5 g5 47. hxg5 hxg5 48. Bg6 Kd4 49. Kb2 Kc4 50. Bf7+ Kd4 51. Kxb3 Kd3 52. Kb4
Kd4 53. Kb5 Ke5 54. Kc5 Kf6 55. Bb3 Ke5 56. Bc2 Kf4 57. Bf5 Ke5 58. Bc8 Kf6 59.
Kd5 Kf7 60. Ke5 Kg6 61. Ba6 Kg7 62. Kf5 Kh6 63. Kf6 1-0

[Event "G7-Gruppe 2 2013"]
[Site "Elsinore"]
[Date "2013.03.26"]
[Round "1"]
[White "Haagen Larsen, Hans"]
[Black "Kristensen, Bjarke Hautop"]
[Result "0-1"]
[WhiteElo "1745"]
[BlackElo "1873"]
[PlyCount "56"]
[EventDate "2013.??.??"]
[EventType "swiss"]
[EventRounds "7"]
[EventCountry "DEN"]

1. d4 Nf6 2. Nf3 g6 3. Bf4 Bg7 4. e3 O-O 5. Be2 d6 6. h3 Nbd7 7. Nbd2 Qe8 8. c3
e5 9. dxe5 dxe5 10. Bh2 Qe7 11. Qc2 c6 12. O-O-O Ne8 13. Ne4 f5 14. Bc4+ Kh8
15. Ng3 Nd6 16. Be2 Nc5 17. Nd2 Be6 18. Kb1 f4 19. Ngf1 Bf5 20. e4 Ndxe4 21.
Ka1 Nxf2 22. Qc1 Nxh1 23. Nb3 Nf2 24. Rd2 Nfe4 25. Rd1 Nxb3+ 26. axb3 Rfd8 27.
g4 Be6 28. Bf3 Nc5 0-1

[Event "G7-Gruppe 2 2013"]
[Site "Elsinore"]
[Date "2013.03.26"]
[Round "1"]
[White "Christophersen, David"]
[Black "Luther, Lasse"]
[Result "0-1"]
[WhiteElo "1834"]
[BlackElo "1999"]
[PlyCount "78"]
[EventDate "2013.??.??"]
[EventType "swiss"]
[EventRounds "7"]
[EventCountry "DEN"]

1. d4 Nf6 2. c4 e6 3. Nc3 Bb4 4. Bd2 O-O 5. a3 Bxc3 6. Bxc3 b6 7. f3 d5 8. e3
Ba6 9. Qc2 dxc4 10. Bb4 Re8 11. Bxc4 Nd5 12. Bd2 Qg5 13. Kf2 Bxc4 14. Qxc4 Nd7
15. h4 Qe7 16. e4 N5f6 17. g4 c5 18. h5 Red8 19. Bg5 Nxe4+ 20. fxe4 Qxg5 21.
Nf3 Qf4 22. Rh4 Ne5 23. Qe2 Rxd4 24. g5 Qxf3+ 25. Qxf3 Nxf3 26. Kxf3 Rad8 27.
Rg1 Rd2 28. g6 fxg6 29. hxg6 hxg6 30. Rxg6 Kf7 31. Rhg4 Rg8 32. b4 Rd3+ 33. Kf4
Rxa3 34. bxc5 bxc5 35. Ke5 c4 36. R6g5 c3 37. Rf4+ Ke7 38. Rf1 Ra5+ 39. Kf4
Rf8+ 0-1

[Event "G7-Gruppe 2 2013"]
[Site "Elsinore"]
[Date "2013.03.26"]
[Round "1"]
[White "Oland, Arne"]
[Black "Boe Olsen, Filip"]
[Result "1-0"]
[WhiteElo "1925"]
[BlackElo "1629"]
[PlyCount "63"]
[EventDate "2013.??.??"]
[EventType "swiss"]
[EventRounds "7"]
[EventCountry "DEN"]

1. d4 d5 2. c4 c6 3. Nc3 Nf6 4. Nf3 e6 5. e3 Nbd7 6. a3 Be7 7. c5 b6 8. b4 a5
9. Bb2 b5 10. Bd3 O-O 11. O-O a4 12. Qe2 Ne8 13. e4 Nc7 14. Rae1 Bf6 15. e5 Be7
16. Bc1 f5 17. exf6 Nxf6 18. Ne5 Bd7 19. Bg5 g6 20. Bh6 Re8 21. Qf3 Bf8 22. Bg5
Bg7 23. Qh3 Rf8 24. Re3 Qe7 25. Rf3 Ra7 26. Re1 Rb7 27. Ne2 Qe8 28. Qh4 Qe7 29.
Nxd7 Qxd7 30. Bxf6 Rxf6 31. Rxf6 Bxf6 32. Qxf6 1-0

[Event "G7-Gruppe 2 2013"]
[Site "Elsinore"]
[Date "2013.03.26"]
[Round "1"]
[White "Stochkel, Casper"]
[Black "Randlov, Carsten"]
[Result "0-1"]
[WhiteElo "1797"]
[BlackElo "1866"]
[PlyCount "50"]
[EventDate "2013.??.??"]
[EventType "swiss"]
[EventRounds "7"]
[EventCountry "DEN"]

1. c4 Nf6 2. Nf3 g6 3. g3 Bg7 4. Bg2 O-O 5. O-O c5 6. Nc3 Nc6 7. d3 d5 8. cxd5
Nxd5 9. Bd2 Nc7 10. a3 e5 11. Rc1 Ne6 12. Ne4 Qe7 13. Be3 Ncd4 14. Nfg5 Bh6 15.
Nxe6 Bxe3 16. Nxf8 Bxc1 17. e3 Bxb2 18. exd4 Bxd4 19. Nxg6 hxg6 20. Qd2 Kg7 21.
Rb1 Rb8 22. Nc3 Be6 23. Nd5 Qd7 24. Ne3 b6 25. Nc2 Rd8 0-1

[Event "G7-Gruppe 2 2013"]
[Site "Elsinore"]
[Date "2013.03.26"]
[Round "1"]
[White "Strachan, Christian C"]
[Black "Hansen, Rasmus Agertoft"]
[Result "1/2-1/2"]
[WhiteElo "1826"]
[BlackElo "1985"]
[PlyCount "91"]
[EventDate "2013.??.??"]
[EventType "swiss"]
[EventRounds "7"]
[EventCountry "DEN"]

1. e4 d6 2. d4 Nf6 3. Nc3 g6 4. Nf3 Bg7 5. Be2 O-O 6. O-O Bg4 7. Be3 Nc6 8. Qd2
Bxf3 9. Bxf3 e5 10. d5 Ne7 11. g3 a6 12. Rad1 Qd7 13. Qe2 b5 14. a3 h6 15. Rd2
g5 16. Bg2 Ng6 17. f3 Rab8 18. Nd1 Qe7 19. Bf2 Qd8 20. Ne3 Ne7 21. Bh3 Nd7 22.
b4 Nb6 23. c4 Na4 24. Rc1 Rb7 25. c5 h5 26. Nf5 Nxf5 27. Bxf5 Bh6 28. Be3 Qf6
29. Rdc2 Kg7 30. Qd2 Rh8 31. g4 hxg4 32. fxg4 Rhb8 33. cxd6 cxd6 34. Rc8 Nb6
35. Bxb6 Rxb6 36. Qc3 Qe7 37. Rxb8 Rxb8 38. Qc6 Qa7+ 39. Kg2 Qe3 40. Qc3 Qe2+
41. Kg1 Rh8 42. Rc2 Qd1+ 43. Kg2 Kg8 44. Qd2 Qa1 45. Rc8+ Kg7 46. Rxh8 1/2-1/2

[Event "G7-Gruppe 2 2013"]
[Site "Elsinore"]
[Date "2013.03.26"]
[Round "1"]
[White "Thomsen, Kurt"]
[Black "Marshall, Michael"]
[Result "1-0"]
[WhiteElo "1940"]
[BlackElo "1873"]
[PlyCount "93"]
[EventDate "2013.??.??"]
[EventType "swiss"]
[EventRounds "7"]
[EventCountry "DEN"]

1. d4 d5 2. c4 e6 3. Nc3 c5 4. cxd5 cxd4 5. Qa4+ Bd7 6. Qxd4 exd5 7. Qxd5 Nc6
8. a3 Nf6 9. Qd1 Bc5 10. e3 Qe7 11. Nf3 O-O-O 12. Qc2 Kb8 13. Be2 g5 14. b4 g4
15. Nh4 Bb6 16. O-O Rc8 17. Bb2 Rhg8 18. Nf5 Qe6 19. Ng3 Ne5 20. Rfd1 h5 21.
Kh1 h4 22. Nge4 Nxe4 23. Qxe4 f5 24. Qd5 h3 25. Nb5 hxg2+ 26. Kg1 Nf3+ 27. Bxf3
gxf3 28. Qxd7 Qxe3 29. Bd4 Bxd4 30. Qxd4 Qxd4 31. Nxd4 Rc3 32. Nxf5 Re8 33. Ne3
Rh8 34. a4 Rc6 35. Rd4 Rhc8 36. Rad1 a6 37. Rf4 Rc1 38. Rxf3 Rxd1+ 39. Nxd1 Rc1
40. Rd3 Rb1 41. Kxg2 Rxb4 42. Nc3 Rb3 43. h4 b5 44. axb5 axb5 45. Rg3 b4 46.
Nb5 Rb1 47. Nd4 1-0

[Event "G7-Gruppe 2 2013"]
[Site "Elsinore"]
[Date "2013.03.27"]
[Round "2"]
[White "Randlov, Carsten"]
[Black "Jensen, Tommy"]
[Result "1-0"]
[WhiteElo "1866"]
[BlackElo "1904"]
[PlyCount "97"]
[EventDate "2013.??.??"]
[EventType "swiss"]
[EventRounds "7"]
[EventCountry "DEN"]

1. e4 e5 2. Nf3 Nc6 3. Bb5 d6 4. O-O Bd7 5. c3 Nf6 6. Re1 h6 7. d4 a6 8. Ba4
Qe7 9. Nbd2 g5 10. d5 Na7 11. Nf1 Bxa4 12. Qxa4+ Qd7 13. Qc2 Be7 14. Ng3 O-O-O
15. Nf5 Rdg8 16. Be3 Kb8 17. b4 Nc8 18. a4 Ng4 19. c4 Nxe3 20. Rxe3 g4 21. Nd2
Bg5 22. Rb3 Bxd2 23. Qxd2 Ne7 24. Nxe7 Qxe7 25. b5 b6 26. a5 axb5 27. axb6 cxb6
28. Rba3 Qb7 29. Qa2 Kc7 30. Ra7 Ra8 31. Rxb7+ Kxb7 32. Qb2 Rxa1+ 33. Qxa1 bxc4
34. f4 f6 35. fxe5 fxe5 36. Qa4 Rc8 37. Qd7+ Rc7 38. Qxd6 c3 39. Qxh6 c2 40.
Qc1 b5 41. Kf2 b4 42. Ke2 b3 43. Kd2 Rc4 44. Qb2 Kc8 45. Kc1 Rxe4 46. Qxb3 Re1+
47. Kxc2 Re2+ 48. Kd1 Rxg2 49. Qc3+ 1-0

[Event "G7-Gruppe 2 2013"]
[Site "Elsinore"]
[Date "2013.03.27"]
[Round "2"]
[White "Kristensen, Bjarke Hautop"]
[Black "Thomsen, Kurt"]
[Result "1-0"]
[WhiteElo "1873"]
[BlackElo "1940"]
[PlyCount "119"]
[EventDate "2013.??.??"]
[EventType "swiss"]
[EventRounds "7"]
[EventCountry "DEN"]

1. c4 Nf6 2. g3 d5 3. cxd5 Nxd5 4. Bg2 c6 5. Nc3 g6 6. Nf3 Bg7 7. O-O O-O 8. d4
Nb6 9. e4 Bg4 10. d5 e6 11. h3 Bxf3 12. Qxf3 Qe7 13. Rd1 N8d7 14. Rb1 Rac8 15.
Bf4 Ne5 16. Qe2 Rfd8 17. h4 h6 18. Bh3 Nec4 19. Qe1 g5 20. hxg5 hxg5 21. Bc1
Bxc3 22. bxc3 cxd5 23. e5 Kg7 24. Qe2 Rh8 25. Bg2 f5 26. exf6+ Qxf6 27. Qg4 Ne5
28. Qxg5+ Qxg5 29. Bxg5 Rxc3 30. Re1 Nf7 31. Be3 Rc6 32. Bd4+ e5 33. Bxb6 axb6
34. Bxd5 Rc5 35. Bxf7 Kxf7 36. Rxb6 Rb8 37. Reb1 Rc7 38. a4 Ke8 39. R1b5 Re7
40. a5 Ra8 41. Rh6 Ra7 42. Rd6 e4 43. Kf1 Kf7 44. Ke2 Ra8 45. Rh6 Kg7 46. Rhb6
Ra7 47. Ke3 Kf7 48. Rh6 Kg7 49. Rh4 b6 50. axb6 Ra3+ 51. Kf4 Rf3+ 52. Kg5 Rb7
53. Rf4 Rc3 54. Rxe4 Rc6 55. f4 Rg6+ 56. Kh4 Kf6 57. g4 Rh6+ 58. Kg3 Rh1 59.
g5+ Kf7 60. Rc4 1-0

[Event "G7-Gruppe 2 2013"]
[Site "Elsinore"]
[Date "2013.03.27"]
[Round "2"]
[White "Luther, Lasse"]
[Black "Hansen, Verner"]
[Result "1-0"]
[WhiteElo "1999"]
[BlackElo "1887"]
[PlyCount "89"]
[EventDate "2013.??.??"]
[EventType "swiss"]
[EventRounds "7"]
[EventCountry "DEN"]

1. e4 d5 2. exd5 Qxd5 3. Nf3 Nf6 4. d4 Bf5 5. c4 Qe4+ 6. Be2 e6 7. O-O Bb4 8.
a3 Be7 9. Nc3 Qc2 10. Qxc2 Bxc2 11. Bf4 c6 12. Rac1 Bg6 13. d5 exd5 14. cxd5
O-O 15. Rfd1 Bd8 16. Ne5 Nxd5 17. Nxd5 cxd5 18. Rxd5 Be4 19. Rd4 Bf5 20. Bf3
Bb6 21. Rdd1 Nc6 22. Nxc6 bxc6 23. Bxc6 Rad8 24. h3 Rxd1+ 25. Rxd1 Rd8 26.
Rxd8+ Bxd8 27. b4 Bd3 28. Be3 Bb6 29. Bxb6 axb6 30. f4 Kf8 31. Kf2 Ke7 32. Ke3
Bf1 33. a4 Kd6 34. Be4 h6 35. h4 f6 36. Kd4 g5 37. hxg5 hxg5 38. fxg5 fxg5 39.
g3 Be2 40. a5 bxa5 41. bxa5 Ba6 42. Bd3 Bb7 43. a6 Bc8 44. a7 Bb7 45. Be4 1-0

[Event "G7-Gruppe 2 2013"]
[Site "Elsinore"]
[Date "2013.03.27"]
[Round "2"]
[White "Hansen, Henrik Damgaard"]
[Black "Oland, Arne"]
[Result "0-1"]
[WhiteElo "1801"]
[BlackElo "1925"]
[PlyCount "50"]
[EventDate "2013.??.??"]
[EventType "swiss"]
[EventRounds "7"]
[EventCountry "DEN"]

1. e4 c6 2. d4 d5 3. e5 Bf5 4. Nc3 e6 5. g4 Bg6 6. Nge2 c5 7. h4 h6 8. Bf4 Nc6
9. a3 a6 10. Bg2 Rc8 11. Qd2 cxd4 12. Nxd4 Nxd4 13. Qxd4 Bxc2 14. Rc1 Bb3 15.
h5 Bc5 16. Qd2 Ne7 17. Rh3 Qb6 18. f3 Nc6 19. Ne2 Na5 20. Rc3 Bc4 21. b4 Bf2+
22. Kd1 Nb3 23. Qc2 Nd4 24. Nxd4 Bxd4 25. Rd3 Rc6 0-1

[Event "G7-Gruppe 2 2013"]
[Site "Elsinore"]
[Date "2013.03.27"]
[Round "2"]
[White "Jacobsen, Mikkel Manosri"]
[Black "Strachan, Christian C"]
[Result "1-0"]
[WhiteElo "1815"]
[BlackElo "1826"]
[PlyCount "93"]
[EventDate "2013.??.??"]
[EventType "swiss"]
[EventRounds "7"]
[EventCountry "DEN"]

1. d4 d5 2. Bf4 Nf6 3. e3 c5 4. c3 Qb6 5. Qb3 c4 6. Qc2 g6 7. Nd2 Bf5 8. Qc1
Nc6 9. Ngf3 Bg7 10. Nh4 Be6 11. b3 cxb3 12. axb3 Rc8 13. Qa3 O-O 14. Bd3 Nh5
15. Bg3 Nxg3 16. hxg3 Rfe8 17. b4 a6 18. Nb3 Qc7 19. Nc5 Bg4 20. Nxb7 Qxb7 21.
Bxa6 Qc7 22. Bxc8 Rxc8 23. O-O e5 24. Nf3 e4 25. Nd2 Be2 26. Rfc1 Bf8 27. Qb3
Qd7 28. b5 Nd8 29. b6 Rb8 30. Ra5 Bg4 31. Rxd5 Qb7 32. Qb2 Be6 33. Rb5 Bd7 34.
Rb3 f5 35. Ra1 Qc6 36. c4 Nb7 37. c5 Bg7 38. Qa3 Be6 39. Qa7 Rd8 40. Rc3 h5 41.
Nc4 Bd5 42. Na5 Nxa5 43. Rxa5 Rd7 44. Qb8+ Kf7 45. Ra7 Bf6 46. Rxd7+ Qxd7 47.
c6 1-0

[Event "G7-Gruppe 2 2013"]
[Site "Elsinore"]
[Date "2013.03.27"]
[Round "2"]
[White "Marshall, Michael"]
[Black "Stochkel, Casper"]
[Result "0-1"]
[WhiteElo "1873"]
[BlackElo "1797"]
[PlyCount "98"]
[EventDate "2013.??.??"]
[EventType "swiss"]
[EventRounds "7"]
[EventCountry "DEN"]

1. d4 Nf6 2. Nf3 g6 3. Nc3 Bg7 4. e4 d6 5. Be3 Nbd7 6. Qd2 Ng4 7. Bg5 h6 8. Bh4
c6 9. O-O-O Qc7 10. Bg3 h5 11. Kb1 Bh6 12. Qe1 e5 13. h3 Ngf6 14. dxe5 dxe5 15.
Bd3 O-O 16. Qe2 Re8 17. Bh4 a6 18. Bg5 Bg7 19. Nh4 b5 20. Rdg1 c5 21. Qe3 Bb7
22. f3 b4 23. Nd1 c4 24. Be2 Kh7 25. g4 Bf8 26. Qc1 c3 27. gxh5 Nxh5 28. Be3
Be7 29. Bf2 Nf4 30. Bf1 Nc5 31. Ng2 Rad8 32. Be3 Na4 33. Nxf4 exf4 34. Bxf4 Qa5
35. b3 Nb2 36. Bd3 Nxd3 37. cxd3 Rxd3 38. h4 Rxf3 39. Re1 c2+ 40. Qxc2 Rxf4 41.
h5 g5 42. e5+ Kh6 43. Rhg1 Bc5 44. Ne3 Bxe3 45. Rxe3 Rxe5 46. Qb2 f6 47. Rxe5
Qxe5 48. Qd2 Be4+ 49. Kc1 Qa1# 0-1

[Event "G7-Gruppe 2 2013"]
[Site "Elsinore"]
[Date "2013.03.27"]
[Round "2"]
[White "Petersen, Bjarne"]
[Black "Christophersen, David"]
[Result "1/2-1/2"]
[WhiteElo "1797"]
[BlackElo "1834"]
[PlyCount "50"]
[EventDate "2013.??.??"]
[EventType "swiss"]
[EventRounds "7"]
[EventCountry "DEN"]

1. g3 Nc6 2. Bg2 b6 3. c4 Bb7 4. Nc3 e6 5. d4 Na5 6. Bxb7 Nxb7 7. Nf3 Nf6 8. a3
Be7 9. Qc2 O-O 10. O-O Rc8 11. Bf4 d5 12. Ne5 c5 13. cxd5 Nxd5 14. Nxd5 Qxd5
15. e4 Qd8 16. Rac1 f6 17. Nf3 cxd4 18. Qxc8 Qxc8 19. Rxc8 Rxc8 20. e5 Rd8 21.
Rd1 g5 22. exf6 Bxf6 23. Bxg5 Bxg5 24. Nxg5 e5 25. f4 exf4 1/2-1/2

[Event "G7-Gruppe 2 2013"]
[Site "Elsinore"]
[Date "2013.03.27"]
[Round "2"]
[White "Boe Olsen, Filip"]
[Black "Haagen Larsen, Hans"]
[Result "1-0"]
[WhiteElo "1629"]
[BlackElo "1745"]
[PlyCount "77"]
[EventDate "2013.??.??"]
[EventType "swiss"]
[EventRounds "7"]
[EventCountry "DEN"]

1. d4 d6 2. Nf3 g6 3. Bf4 Bg7 4. e3 Nc6 5. c3 Bd7 6. Nbd2 e5 7. dxe5 dxe5 8.
Bg3 Nge7 9. Bc4 O-O 10. O-O Nf5 11. Ne4 Qe7 12. Qe2 h6 13. Rfd1 Rad8 14. h3 a6
15. Bh2 Kh7 16. Rd2 Na5 17. Bd5 Bc6 18. Bxc6 Rxd2 19. Nfxd2 Nxc6 20. Nb3 Nd6
21. Nxd6 Qxd6 22. Rd1 Qe7 23. Rd2 Rd8 24. Rxd8 Nxd8 25. Qd2 b6 26. Qd3 a5 27.
Nd2 Qd6 28. Qxd6 cxd6 29. Nc4 Nc6 30. Nxd6 f5 31. a4 Bf8 32. Nc4 f4 33. exf4
exf4 34. Bxf4 Bc5 35. Bc7 b5 36. axb5 Na7 37. b6 Nb5 38. b7 Ba7 39. b8=Q 1-0

[Event "G7-Gruppe 2 2013"]
[Site "Elsinore"]
[Date "2013.03.28"]
[Round "3"]
[White "Markussen, Benno"]
[Black "Jacobsen, Mikkel Manosri"]
[Result "1-0"]
[WhiteElo "1779"]
[BlackElo "1815"]
[PlyCount "83"]
[EventDate "2013.??.??"]
[EventType "swiss"]
[EventRounds "7"]
[EventCountry "DEN"]

1. c4 Nf6 2. Nc3 c6 3. Nf3 d5 4. cxd5 cxd5 5. d4 Nc6 6. Bg5 Ne4 7. Bf4 Nxc3 8.
bxc3 Qa5 9. Bd2 Bf5 10. e3 e6 11. Be2 h6 12. O-O Bd6 13. Nh4 Bh7 14. f4 Qc7 15.
Nf3 g5 16. Ne5 Bxe5 17. fxe5 Ne7 18. Qa4+ Nc6 19. Bh5 Bf5 20. c4 O-O 21. cxd5
Bd3 22. Rfc1 exd5 23. Rc3 b5 24. Qd1 Bc4 25. Qf3 Qe7 26. Rcc1 f6 27. Rxc4 dxc4
28. Qxc6 Rac8 29. Qd5+ Kh8 30. Qxb5 c3 31. Be1 fxe5 32. Qxe5+ Qxe5 33. dxe5 c2
34. Rc1 Rc6 35. Bg4 Rb8 36. Kf2 Rb2 37. e6 Kg8 38. a4 Kf8 39. Bf5 Ke7 40. Ke2
Kf6 41. e4 Ra6 42. Bc3+ 1-0

[Event "G7-Gruppe 2 2013"]
[Site "Elsinore"]
[Date "2013.03.28"]
[Round "3"]
[White "Strachan, Christian C"]
[Black "Petersen, Bjarne"]
[Result "1-0"]
[WhiteElo "1826"]
[BlackElo "1797"]
[PlyCount "47"]
[EventDate "2013.??.??"]
[EventType "swiss"]
[EventRounds "7"]
[EventCountry "DEN"]

1. e4 g6 2. d4 Bg7 3. Nf3 c5 4. d5 d6 5. Be2 Nd7 6. O-O Ngf6 7. Nc3 O-O 8. h3
a6 9. a4 b6 10. Be3 Qc7 11. Nd2 e5 12. dxe6 fxe6 13. Nc4 Nxe4 14. Nxe4 d5 15.
Ng5 Ne5 16. Nxe5 Qxe5 17. c3 Bd7 18. Nf3 Qd6 19. Qb3 Qc7 20. Rfd1 Rfb8 21. Qc2
b5 22. axb5 axb5 23. Qd2 c4 24. Bf4 1-0

[Event "G7-Gruppe 2 2013"]
[Site "Elsinore"]
[Date "2013.03.28"]
[Round "3"]
[White "Hvid, Jorn Christensen"]
[Black "Boe Olsen, Filip"]
[Result "1-0"]
[WhiteElo "1967"]
[BlackElo "1629"]
[PlyCount "71"]
[EventDate "2013.??.??"]
[EventType "swiss"]
[EventRounds "7"]
[EventCountry "DEN"]

1. c4 c6 2. Nf3 d5 3. d4 Nf6 4. cxd5 cxd5 5. Nc3 e6 6. Bg5 Be7 7. e3 Nc6 8. Bd3
Bd7 9. O-O O-O 10. Rc1 h6 11. Bh4 Rc8 12. Bb1 Re8 13. Qd2 Na5 14. Ne5 Nc4 15.
Nxc4 Rxc4 16. f4 g6 17. Rf3 Ne4 18. Nxe4 Rxc1+ 19. Qxc1 Bxh4 20. Nd6 Rf8 21.
Nxb7 Qb6 22. Nc5 Rc8 23. Qd2 Bb5 24. a4 Be8 25. a5 Qc7 26. Bd3 Be7 27. b4 Kg7
28. Rf1 Bxc5 29. dxc5 e5 30. Rc1 exf4 31. exf4 Qb8 32. b5 f6 33. Qe3 Kf8 34. b6
axb6 35. cxb6 Rxc1+ 36. Qxc1 1-0

[Event "G7-Gruppe 2 2013"]
[Site "Elsinore"]
[Date "2013.03.28"]
[Round "3"]
[White "Randlov, Carsten"]
[Black "Luther, Lasse"]
[Result "0-1"]
[WhiteElo "1866"]
[BlackElo "1999"]
[PlyCount "84"]
[EventDate "2013.??.??"]
[EventType "swiss"]
[EventRounds "7"]
[EventCountry "DEN"]

1. d4 d5 2. c4 c6 3. Nf3 Nf6 4. Bf4 a6 5. e3 Bf5 6. Nc3 e6 7. Qb3 Ra7 8. cxd5
cxd5 9. Bxb8 Qxb8 10. Ne5 Bd6 11. Rc1 O-O 12. Nf3 Rc8 13. Be2 b5 14. O-O Rac7
15. a3 Ne4 16. Na2 Rxc1 17. Rxc1 Rxc1+ 18. Nxc1 Qc7 19. Qd1 Nf6 20. Nd3 Nd7 21.
Qc1 Qxc1+ 22. Nxc1 Nb6 23. Bd3 Bxd3 24. Nxd3 Nc4 25. Kf1 Kf8 26. Ke2 Ke7 27. h3
f6 28. Nd2 e5 29. dxe5 fxe5 30. Nxc4 bxc4 31. Ne1 Kd7 32. Kd2 Kc6 33. Kc3 Kc5
34. Nc2 d4+ 35. exd4+ exd4+ 36. Kd2 Bf4+ 37. Kd1 a5 38. g3 Be5 39. f4 Bf6 40.
Ne1 d3 41. Kc1 Bxb2+ 42. Kxb2 d2 0-1

[Event "G7-Gruppe 2 2013"]
[Site "Elsinore"]
[Date "2013.03.28"]
[Round "3"]
[White "Oland, Arne"]
[Black "Kristensen, Bjarke Hautop"]
[Result "1-0"]
[WhiteElo "1925"]
[BlackElo "1873"]
[PlyCount "95"]
[EventDate "2013.??.??"]
[EventType "swiss"]
[EventRounds "7"]
[EventCountry "DEN"]

1. d4 Nf6 2. c4 g6 3. Nc3 d5 4. Bg5 c6 5. Bxf6 exf6 6. cxd5 cxd5 7. e3 Nc6 8.
Bb5 Be6 9. Nge2 Bd6 10. Nf4 Bxf4 11. exf4 O-O 12. O-O Qb6 13. Bxc6 Qxc6 14. Rc1
Qd7 15. Re1 Rac8 16. h3 h5 17. Qf3 Rfd8 18. b3 b6 19. Ne2 Kg7 20. Ng3 Rxc1 21.
Rxc1 Rc8 22. Qe3 Bf5 23. Rc3 Re8 24. Qc1 h4 25. Nf1 Re4 26. Ne3 Rxd4 27. Rc7
Qe6 28. Rxa7 Re4 29. Nxf5+ Qxf5 30. Qc7 Qxf4 31. Qxf4 Rxf4 32. Rd7 Rd4 33. Kf1
f5 34. Rd6 b5 35. Ke2 f4 36. f3 b4 37. Ra6 g5 38. Ra4 Kf6 39. a3 Ke5 40. axb4
Kd6 41. b5 Rxa4 42. bxa4 Kc5 43. Kd3 f6 44. Kd2 f5 45. Kd3 g4 46. Kd2 Kb6 47.
Kd3 Kc5 48. Kc3 1-0

[Event "G7-Gruppe 2 2013"]
[Site "Elsinore"]
[Date "2013.03.28"]
[Round "3"]
[White "Jorgensen, Alexander Torp"]
[Black "Hansen, Verner"]
[Result "1-0"]
[WhiteElo "1673"]
[BlackElo "1887"]
[PlyCount "53"]
[EventDate "2013.??.??"]
[EventType "swiss"]
[EventRounds "7"]
[EventCountry "DEN"]

1. e4 e5 2. Nf3 Nc6 3. d4 exd4 4. Bc4 Bb4+ 5. c3 dxc3 6. O-O d6 7. a3 c2 8.
Qxc2 Bc5 9. b4 Bb6 10. Qb3 Qf6 11. Bb2 Ne5 12. Nxe5 dxe5 13. Nd2 Ne7 14. Kh1
Ng6 15. f4 Be6 16. f5 Bxc4 17. Nxc4 O-O-O 18. fxg6 Qxg6 19. Nxe5 Qxe4 20. Nxf7
Rd2 21. Qh3+ Kb8 22. Nxh8 a5 23. Bc3 Rd3 24. Rf3 Be3 25. Re1 Rxc3 26. Rfxe3
Rxe3 27. Qxe3 1-0

[Event "G7-Gruppe 2 2013"]
[Site "Elsinore"]
[Date "2013.03.28"]
[Round "3"]
[White "Jensen, Tommy"]
[Black "Hansen, Henrik Damgaard"]
[Result "0-1"]
[WhiteElo "1904"]
[BlackElo "1801"]
[PlyCount "82"]
[EventDate "2013.??.??"]
[EventType "swiss"]
[EventRounds "7"]
[EventCountry "DEN"]

1. d4 Nf6 2. c4 e6 3. Nc3 c5 4. e3 d5 5. Nf3 Nc6 6. cxd5 Nxd5 7. dxc5 Nxc3 8.
Qxd8+ Kxd8 9. bxc3 Bxc5 10. Bd3 Ke7 11. O-O h6 12. Bb2 Rd8 13. Rfd1 f6 14. h3
Bd7 15. Nd4 Rac8 16. Nb3 Bd6 17. Be4 b6 18. Bf3 Ne5 19. Be2 Nc4 20. Bxc4 Rxc4
21. Rd2 e5 22. Rad1 Rc6 23. f3 Bc8 24. Na1 Rd7 25. Nc2 Bc5 26. Kf2 Rxd2+ 27.
Rxd2 Be6 28. a3 Rd6 29. Ke1 Bc4 30. Bc1 a5 31. Rxd6 Kxd6 32. Kd2 Kc6 33. Ne1
Kb5 34. g4 Ka4 35. Nd3 Bxd3 36. Kxd3 Bxa3 37. Bd2 Kb3 38. c4 Bb4 39. Bc1 a4 40.
h4 a3 41. Bxa3 Bxa3 0-1

[Event "G7-Gruppe 2 2013"]
[Site "Elsinore"]
[Date "2013.03.28"]
[Round "3"]
[White "Christophersen, David"]
[Black "Marshall, Michael"]
[Result "1/2-1/2"]
[WhiteElo "1834"]
[BlackElo "1873"]
[PlyCount "123"]
[EventDate "2013.??.??"]
[EventType "swiss"]
[EventRounds "7"]
[EventCountry "DEN"]

1. d4 Nf6 2. c4 e6 3. Nc3 Bb4 4. Qc2 Nc6 5. Nf3 d6 6. a3 Bxc3+ 7. Qxc3 Qe7 8.
Bg5 h6 9. Bh4 O-O 10. e3 a5 11. Bd3 Re8 12. d5 Nb8 13. Bxf6 Qxf6 14. Qxf6 gxf6
15. O-O-O Na6 16. Bc2 Bd7 17. Nd2 a4 18. Rhg1 Kf8 19. g4 Ke7 20. Rg3 Rg8 21.
Rdg1 Nc5 22. f4 b5 23. cxb5 Bxb5 24. Rh3 Rh8 25. Rh5 Rag8 26. dxe6 fxe6 27. Ne4
Be8 28. Rh4 Nxe4 29. Bxe4 f5 30. Bc2 fxg4 31. Rhxg4 Rxg4 32. Rxg4 h5 33. Rg7+
Kd8 34. Kd2 h4 35. Kc3 c5 36. Ra7 Rh6 37. Bxa4 Bxa4 38. Rxa4 Rg6 39. f5 exf5
40. Rxh4 Ke7 41. e4 fxe4 42. Rxe4+ Kd7 43. h4 Rg3+ 44. Kc2 Rh3 45. Rg4 Kc6 46.
a4 Rh2+ 47. Kb3 Rh3+ 48. Ka2 Rh2 49. Ka3 Rh3+ 50. b3 Kb6 51. Rg6 Kc6 52. Rh6 c4
53. Rh8 Rxb3+ 54. Ka2 Rh3 55. h5 Kc5 56. h6 Kb4 57. h7 Rh2+ 58. Kb1 Kc3 59. a5
Kd3 60. Rd8 Rxh7 61. Rxd6+ Kc3 62. a6 1/2-1/2